00290nam a2200121Ia 4500008004100000100003500041245002500076260002500101300000800126650001000134942000700144999001700151190216s9999||||xx |||||||||||||| ||und|| aBanking Chandra Chadudopadhyay 0aHindi-Devi Choudrani bBalbajan Kendrc2010 a142 aHindi cBK c16885d16885